00334nam a22001337a 4500003000700000005001700007008004100024082001800065100001700083245002800100260003000128300000800158650003400166MPLRDC20220104143301.0210129b ||||| |||| 00| 0 eng d a738.3264 WYL  a吴炎林辑 a越南战争回忆录c ab科华图书出版社c b平 a东南亚--越南越战时期